| 000 | 00731nam a2200181Ia 4500 | ||
|---|---|---|---|
| 008 | 151202s9999||||xx |||||||||||||| ||und|| | ||
| 082 | _bPNVM-71816 | ||
| 100 | _aबिनीवाले अविनाश. | ||
| 245 | _aजर्मन मराठी भाषांतर शब्दकोश. | ||
| 260 | _bवसुधा प्रका.नाशिक02. | ||
| 260 | _c71816 | ||
| 300 | _a266 | ||
| 600 | _aबिनीवाले अविनाश. | ||
| 630 | _aजर्मन मराठी भाषांतर शब्दकोश. | ||
| 700 | _aबिनीवाले अविनाश. | ||
| 730 | _aजर्मन मराठी भाषांतर शब्दकोश. | ||
| 942 | _cBOOK | ||
| 999 |
_c1338485 _d1338482 |
||